00616nam a2200193 a 4500008004100000020002300041245007400064260003200138300002400170440002800194500002000222504003200242651004300274651005100317700002700368003000100395005001700396040000900413  a0030706599 (hbk. )04aThe political economy of Zimbabwe /cedited by Michael G. Schatzberg. aNew York :bPraeger,c1984. ax, 276 p. ;c25 cm. 2aA SAIS study on Africa. aIncludes index. aBibliographical references. 0aZimbabwexEconomic policyxCongresses. 0aZimbabwexPolitics and governmentxCongresses.1 aSchatzberg, Michael G.20230123134440.0 cNUST